[Event "22nd ch-EUR Indiv 2022"]
[Site "Terme Catez SLO"]
[Date "2022.04.04"]
[Round "9.120"]
[White "Olenik Campa, Rudi"]
[Black "Giannoulakis, Lampros"]
[Result "1/2-1/2"]
[WhiteTitle "CM"]
[BlackTitle "FM"]
[WhiteElo "2112"]
[BlackElo "2362"]
[WhiteFideId "14633264"]
[BlackFideId "4247019"]
[EventDate "2022.03.27"]

1. Nf3 Nf6 2. g3 g6 3. Bg2 Bg7 4. O-O O-O 5. d4 d6 6. Nc3 Nbd7 7. e4 e5 8. a4
Re8 9. Re1 c6 10. h3 b6 11. Be3 Qc7 12. Qd2 a6 13. Nh2 Bb7 14. f4 b5 15. axb5
cxb5 16. fxe5 dxe5 17. d5 Rac8 18. Rac1 Nb6 19. Qf2 Nc4 20. Bg5 Qc5 21. Qxc5
Rxc5 22. b4 Rc7 23. Ra1 h6 24. Bc1 Rec8 25. Nd1 Ne8 26. Ng4 h5 27. Ngf2 Nb6 28.
Nd3 Na4 29. c3 Nd6 30. Be3 Nc4 31. Bf2 Bf8 32. Re2 Bd6 33. Bf3 Ncb6 34. Be1 Rf8
35. Rc1 Nd7 36. Ne3 Rfc8 37. Rec2 Ndb6 38. g4 Nc4 39. Nxc4 Rxc4 40. gxh5 gxh5
41. Rg2+ Kf8 42. Rf2 Ke7 43. Bxh5 Rg8+ 44. Kf1 f6 45. Re2 Bc8 46. Re3 Rh8 47.
Bg4 Bxg4 48. hxg4 Rg8 49. Ke2 Rxg4 50. Kf3 Rg1 51. Bd2 Rxc1 52. Nxc1 Bc7 53. Na2
f5 54. exf5 Kf6 55. Ke2 Rh4 56. Rf3 Rh2+ 57. Rf2 Rxf2+ 58. Kxf2 Kxf5 59. Ke3
Bb6+ 60. Kd3 Nb2+ 61. Ke2 Nc4 62. Bh6 Ke4 63. Nc1 Kxd5 64. Nb3 Nd6 65. Kd3 Ne4
66. Bf8 Nf2+ 67. Ke2 Nh3 68. Kd3 Nf4+ 69. Kc2 e4 70. Bh6 Ne6 71. Nc1 Kc4 72. Nb3
e3 73. Nc1 Nd8 74. Ne2 Nc6 75. Bf4 Ne7 76. Bg5 Nd5 77. Bh6 Bd8 78. Bg7 Bf6 79.
Bxf6 Nxf6 80. Nf4 Ng4 81. Ne2 Nf2 82. Nf4 Ne4 83. Ne2 Nd2 84. Nf4 Nf1 85. Ne2
Nh2 86. Nf4 Ng4 87. Ne2 Kd5 88. Kd3 Ke5 89. Nd4 Kf4 90. Ke2 Ke4 91. Nc2 Kf4 92.
Ne1 Ke5 93. Kf3 Kd5 94. Kxg4 Kc4 95. Kf3 Kxc3 96. Kxe3 Kxb4 97. Kd2 a5 98. Kc2
Ka3 99. Kb1 Kb3 100. Nd3 b4 101. Nc1+ Kc3 102. Na2+ Kb3 103. Nc1+ Ka3 104. Kc2
a4 105. Kb1 b3 106. Nxb3 axb3 107. Ka1 Ka4 108. Kb2 Kb4 109. Kb1 Kc3 110. Kc1
b2+ 111. Kb1 Kb3 1/2-1/2

[Event "22nd ch-EUR Indiv 2022"]
[Site "Terme Catez SLO"]
[Date "2022.04.04"]
[Round "9.121"]
[White "Gramb, Marius"]
[Black "Stevanic, David"]
[Result "1/2-1/2"]
[BlackTitle "FM"]
[WhiteElo "2107"]
[BlackElo "2306"]
[WhiteFideId "24656593"]
[BlackFideId "14613921"]
[EventDate "2022.03.27"]

1. e4 e5 2. Nf3 Nc6 3. Bb5 a6 4. Ba4 Nf6 5. O-O Be7 6. Re1 b5 7. Bb3 d6 8. a4
Bd7 9. c3 O-O 10. a5 Bg4 11. h3 Bh5 12. d3 d5 13. Nbd2 dxe4 14. dxe4 h6 15. Qe2
Bd6 16. Nf1 Ne7 17. g4 Bg6 18. Ng3 c5 19. g5 hxg5 20. Bxg5 Nh7 21. h4 c4 22. Bc2
Nxg5 23. Nxg5 Qd7 24. h5 Bh7 25. Rad1 f6 26. Nxh7 Kxh7 27. Nf5 Nxf5 28. exf5
Rad8 29. Be4 Qc7 30. Kg2 Bc5 31. Bd5 Rd7 32. Be6 Rxd1 33. Rxd1 Rd8 34. Rxd8 Qxd8
35. Qg4 Qe8 36. Qg6+ Qxg6+ 37. hxg6+ Kh6 38. Kf3 Kg5 39. Ke4 Bxf2 40. Bc8 b4 41.
Bxa6 bxc3 42. bxc3 Be1 43. Bxc4 Bxc3 44. a6 Bd4 45. Bb3 Ba7 46. Bc2 Bg1 47. Kd5
Bf2 48. Kc6 Kf4 49. Kd6 Bg1 50. Ke6 Kg5 51. Kf7 Kh6 52. Ke6 Kg5 53. Kf7 Kh6 54.
Ke6 Kg5 1/2-1/2

[Event "22nd ch-EUR Indiv 2022"]
[Site "Terme Catez SLO"]
[Date "2022.04.04"]
[Round "9.122"]
[White "Murko, David"]
[Black "Monpeurt, Cyrielle"]
[Result "1/2-1/2"]
[BlackTitle "WFM"]
[WhiteElo "2273"]
[BlackElo "2156"]
[WhiteFideId "14613891"]
[BlackFideId "677400"]
[EventDate "2022.03.27"]

1. e4 c5 2. Nf3 e6 3. d4 cxd4 4. Nxd4 Nc6 5. Nc3 Nf6 6. Nxc6 bxc6 7. e5 Nd5 8.
Ne4 Qa5+ 9. Bd2 Qc7 10. f4 Qb6 11. c4 Qd4 12. Qb1 Rb8 13. b3 Nb4 14. Bc3 Qe3+
15. Be2 Bb7 16. Bd2 Qd4 17. Bc3 Qe3 18. Bd2 Qd4 19. Bc3 Qe3 1/2-1/2

[Event "22nd ch-EUR Indiv 2022"]
[Site "Terme Catez SLO"]
[Date "2022.04.04"]
[Round "9.123"]
[White "Muetsch, Annmarie"]
[Black "Lorscheid, Gerhard"]
[Result "1/2-1/2"]
[WhiteTitle "WIM"]
[BlackTitle "FM"]
[WhiteElo "2263"]
[BlackElo "2150"]
[WhiteFideId "12971367"]
[BlackFideId "4606000"]
[EventDate "2022.03.27"]

1. e4 d6 2. d4 Nf6 3. Nc3 e5 4. Nf3 Nbd7 5. g3 g6 6. dxe5 dxe5 7. h3 Bg7 8. Bg5
O-O 9. Qd2 c6 10. O-O-O Qa5 11. Kb1 b5 12. Bd3 b4 13. Ne2 Nc5 14. Qe3 Be6 15.
Nc1 Nfd7 16. Nb3 Nxb3 17. cxb3 f6 18. Bh6 Qb6 19. Bc4 Bxc4 20. Rxd7 Rf7 21. Rd2
Qxe3 22. Bxe3 Be6 23. g4 Bf8 24. Rc1 Rc7 25. g5 Be7 26. gxf6 Bxf6 27. Rd6 Kf7
28. Bg5 Bg7 29. Bh4 h6 30. Rdxc6 Rxc6 31. Rxc6 Bxh3 32. Rc7+ Kg8 33. Bg3 Bg2 34.
Nd2 g5 35. Kc2 h5 36. Kd3 h4 37. Bh2 g4 38. Ke2 Rd8 39. Rc2 Rd7 40. a3 a5 41.
Rc5 Bh6 42. Rd5 Rxd5 43. exd5 Bxd5 44. Bxe5 Bg7 45. Bd6 a4 46. axb4 axb3 47. b5
Kf7 48. b6 Ke6 49. Bh2 g3 50. fxg3 h3 51. g4 Be5 52. Bxe5 Kxe5 53. Nf1 Kf4 54.
Kf2 Bb7 55. g5 Kxg5 56. Kg3 Kf5 57. Nd2 Ke5 58. Nxb3 Kd5 59. Na5 Bc8 60. b4 Kd4
61. Kh2 Kc3 62. Nc6 Bb7 63. b5 Kc4 64. Na5+ Kxb5 65. Nxb7 Kxb6 66. Kxh3 Kxb7 1/2-1/2

[Event "22nd ch-EUR Indiv 2022"]
[Site "Terme Catez SLO"]
[Date "2022.04.04"]
[Round "9.124"]
[White "Vagman, Roy"]
[Black "Horvat, Damjan"]
[Result "1/2-1/2"]
[WhiteTitle "CM"]
[WhiteElo "2247"]
[BlackElo "2145"]
[WhiteFideId "2828995"]
[BlackFideId "14545535"]
[EventDate "2022.03.27"]

1. e4 b6 2. d4 Bb7 3. Bd3 g6 4. h4 h6 5. Nf3 d6 6. Qe2 Nd7 7. Bf4 Bg7 8. e5 dxe5
9. dxe5 e6 10. Nc3 Ne7 11. O-O-O Nc6 12. Ba6 Bxa6 13. Qxa6 Qc8 14. Qa4 Qb7 15.
Rhe1 O-O-O 16. Qc4 a6 17. Qe2 Nc5 18. Ne4 Nxe4 19. Qxe4 Ne7 20. Qc4 Rd5 21. Rxd5
Nxd5 22. Bg3 Rd8 23. c3 b5 24. Qe4 Ne7 25. Kc2 Qxe4+ 26. Rxe4 Kb7 27. b3 c5 28.
Bf4 Kc6 29. c4 Rd7 30. Bd2 h5 31. Bg5 Nf5 32. g3 Bf8 33. Bd2 Be7 34. Bc3 Bd8 35.
Re2 Bc7 36. Rd2 Rxd2+ 37. Kxd2 Bd8 38. Kd3 Be7 39. Bd2 Kd7 40. Bc1 Bd8 41. Bf4
Be7 42. Nd2 Nd4 43. Ne4 Nc6 44. Kc3 Kc7 45. Be3 Kb6 46. f4 Nd8 47. b4 Nb7 48.
bxc5+ Bxc5 49. Bxc5+ Nxc5 50. Nd6 Kc6 51. cxb5+ axb5 52. Kd4 f5 53. a3 Nb3+ 54.
Kc3 Nc5 55. Kd4 Nb3+ 56. Kc3 Nc5 1/2-1/2

[Event "22nd ch-EUR Indiv 2022"]
[Site "Terme Catez SLO"]
[Date "2022.04.04"]
[Round "9.125"]
[White "Gueci, Tea"]
[Black "Goroshkov, Maksym"]
[Result "0-1"]
[WhiteTitle "WIM"]
[WhiteElo "2235"]
[BlackElo "2111"]
[WhiteFideId "872342"]
[BlackFideId "14142716"]
[EventDate "2022.03.27"]

1. e4 d5 2. exd5 Nf6 3. d4 Nxd5 4. Nf3 Bg4 5. Be2 e6 6. O-O Be7 7. Ne5 Bxe2 8.
Qxe2 O-O 9. c4 Nb6 10. Rd1 N8d7 11. Nc3 c6 12. Bf4 Bg5 13. Bg3 Bh4 14. Rd3 Bxg3
15. Rxg3 Nxe5 16. Qxe5 g6 17. Ne4 Nd7 18. Qd6 Nb6 19. Qe5 Nd7 20. Qf4 f5 21. Ng5
Re8 22. Re3 Nf8 23. Rae1 Qd7 24. h4 Rad8 25. Nf3 Qf7 26. Ne5 Qg7 27. Rg3 Nd7 28.
h5 Nxe5 29. Rxe5 Kf7 30. hxg6+ hxg6 31. d5 cxd5 32. cxd5 Rxd5 33. Rxd5 exd5 34.
Qd6 Re1+ 35. Kh2 Qh8+ 36. Rh3 Qe5+ 37. Qxe5 Rxe5 38. Rh7+ Ke6 39. f4 Re2 40.
Rxb7 d4 41. Kg3 d3 42. Rb3 d2 43. Rd3 d1=Q 44. Rxd1 Rxb2 45. Re1+ Kf6 46. Ra1 a5
47. a4 Rb4 48. Ra3 Rc4 49. Kf3 Ke6 50. g4 Kd5 51. gxf5 gxf5 52. Re3 Kd4 53. Re5
Rc3+ 54. Ke2 Rc5 55. Re8 Rd5 56. Rb8 Ke4 57. Rc8 Rd4 58. Rh8 Kxf4 59. Kf2 Rd2+
60. Ke1 Ra2 61. Rh4+ Ke3 62. Rh3+ Ke4 63. Rh4+ f4 64. Rh8 Rxa4 65. Re8+ Kf3 66.
Rf8 Ra1+ 67. Kd2 Kg3 68. Ke2 Ra2+ 69. Kf1 a4 70. Rg8+ Kf3 71. Kg1 a3 72. Kh1 Rb2
73. Rg2 a2 0-1

[Event "22nd ch-EUR Indiv 2022"]
[Site "Terme Catez SLO"]
[Date "2022.04.04"]
[Round "9.126"]
[White "Rakhmangulova, Anastasiya"]
[Black "Hulka, Valentyn"]
[Result "1/2-1/2"]
[WhiteTitle "WIM"]
[WhiteElo "2229"]
[BlackElo "2105"]
[WhiteFideId "14117479"]
[BlackFideId "34107061"]
[EventDate "2022.03.27"]

1. e4 e5 2. Nf3 Nc6 3. d4 exd4 4. Nxd4 Nf6 5. Nc3 Bb4 6. Nxc6 bxc6 7. Bd3 O-O 8.
O-O d5 9. exd5 cxd5 10. Bg5 c6 11. Qf3 Bd6 12. Rae1 Rb8 13. Nd1 h6 14. Bxf6 Qxf6
15. Qxf6 gxf6 16. b3 f5 17. f4 Kg7 18. Rf3 Kf6 19. Ref1 Rg8 20. Rh3 Rg6 21. Kh1
Rb4 22. Rh4 a5 23. Nc3 Be6 24. Ne2 c5 25. c3 Rb8 26. Rh5 a4 27. Bc2 axb3 28.
axb3 Ra8 29. Bb1 Ra3 30. Ng3 Ra1 31. Rh4 d4 32. c4 Ra3 33. Rh3 Ra1 34. Nh5+ Ke7
35. Rhf3 Rg4 36. Bd3 Rxf1+ 37. Rxf1 Rg8 38. Ra1 Rb8 39. Ra3 Kd7 40. Kg1 Kc7 41.
Kf2 Kb6 42. g3 Rg8 43. Ke1 Be7 44. Ra2 Kb7 45. Be2 Kb6 46. Bf3 Rd8 47. Kd2 Rd7
48. Kd3 Ra7 49. Rxa7 Kxa7 50. Bd5 Bf8 51. Nf6 Ka6 52. Ne8 Kb6 53. h3 Bxd5 54.
cxd5 Kb5 55. g4 fxg4 56. hxg4 Kb4 57. Nf6 Kxb3 58. Ne4 Kb4 59. d6 Kb5 60. d7 Be7
61. Nd6+ Kc6 62. Nxf7 Kxd7 63. Nxh6 Bd6 1/2-1/2

[Event "22nd ch-EUR Indiv 2022"]
[Site "Terme Catez SLO"]
[Date "2022.04.04"]
[Round "9.127"]
[White "Saraci, Korab"]
[Black "Zlatkov, Anton"]
[Result "1-0"]
[WhiteElo "2229"]
[BlackElo "2081"]
[WhiteFideId "4701968"]
[BlackFideId "15005402"]
[EventDate "2022.03.27"]

1. e4 c5 2. c3 Nf6 3. e5 Nd5 4. d4 cxd4 5. Nf3 Nc6 6. cxd4 d6 7. Bc4 Nb6 8. Bb5
Bd7 9. Nc3 dxe5 10. dxe5 g6 11. O-O Bg7 12. Bf4 O-O 13. h3 a6 14. Be2 Be6 15.
Qc1 Nd7 16. Ng5 Bxe5 17. Nxe6 fxe6 18. Bh6 Rf7 19. Bg4 Nd4 20. Rd1 Qb6 21. Be3
h5 22. Qd2 hxg4 23. Bxd4 Qc7 24. Qg5 Bxd4 25. Rxd4 Ne5 26. hxg4 Qc5 27. Qe3 Raf8
28. Re1 Nc6 29. Rd2 Qxe3 30. Rxe3 e5 31. f3 Rc8 32. Ne4 Rff8 33. Rd7 b5 34. Rc3
Kf7 35. Rb7 Rfd8 36. Rb6 Nd4 37. Ng5+ Kg7 38. Rxc8 Rxc8 39. Rxa6 Rc1+ 40. Kh2
Rc2 41. b3 Ne2 42. a4 bxa4 43. bxa4 Ra2 44. a5 Nf4 45. Ra8 Rxg2+ 46. Kh1 Ra2 47.
a6 Nd5 48. a7 Nc7 49. Rc8 Kh6 50. Ne6 Nxe6 51. a8=Q Rxa8 52. Rxa8 e4 53. Ra6 Nc5
54. Ra5 Nd3 55. fxe4 Nf2+ 56. Kg2 Nxg4 57. Kf3 Nf6 58. Re5 Ng8 59. Kf4 Kg7 60.
Ra5 Kf7 61. e5 Nh6 62. Kg5 Kg7 63. Ra7 Nf7+ 64. Kf4 Kf8 65. Ra8+ Kg7 66. Re8 g5+
67. Kf5 g4 68. Rxe7 g3 69. e6 g2 70. Rxf7+ Kg8 71. Rf6 1-0

[Event "22nd ch-EUR Indiv 2022"]
[Site "Terme Catez SLO"]
[Date "2022.04.04"]
[Round "9.128"]
[White "Ruzic, Pia Marie"]
[Black "Damia, Angelo"]
[Result "1-0"]
[BlackTitle "IM"]
[WhiteElo "2072"]
[BlackElo "2223"]
[WhiteFideId "14620057"]
[BlackFideId "812668"]
[EventDate "2022.03.27"]

1. Nf3 d5 2. g3 Nf6 3. Bg2 e6 4. d4 Nbd7 5. c4 dxc4 6. O-O Be7 7. Nbd2 b5 8. Ne5
Nxe5 9. Bxa8 Qxd4 10. Nf3 Nxf3+ 11. Bxf3 Qb6 12. Qc2 Nd5 13. a4 c6 14. e4 Nb4
15. Qc3 O-O 16. Be3 Qb8 17. axb5 Qxb5 18. Bd4 Rd8 19. Be2 Nd3 20. Bxg7 e5 21.
Bh6 Bh3 22. Rfd1 Bb4 23. Qc2 Bc5 24. Bxd3 cxd3 25. Qd2 f6 26. b4 Qxb4 27. Qa2+
Kh8 28. Qf7 Bxf2+ 29. Kxf2 Qb2+ 30. Rd2 Qd4+ 31. Be3 Qxa1 32. Qxf6+ Kg8 33.
Qxd8+ Kf7 34. Qxd3 Qh1 35. Rd1 Qg2+ 36. Ke1 Bg4 37. Rd2 1-0

[Event "22nd ch-EUR Indiv 2022"]
[Site "Terme Catez SLO"]
[Date "2022.04.04"]
[Round "9.129"]
[White "Babrauskas, Darius"]
[Black "Hommer, Jeremy"]
[Result "1-0"]
[WhiteElo "2003"]
[BlackElo "2221"]
[WhiteFideId "12805602"]
[BlackFideId "12992577"]
[EventDate "2022.03.27"]

1. e4 c6 2. Nc3 d5 3. Nf3 dxe4 4. Nxe4 Nf6 5. Ng3 h5 6. h3 e6 7. d4 Bd6 8. Bd3
Nbd7 9. Qe2 Qe7 10. Bg5 Bxg3 11. fxg3 b6 12. O-O-O Bb7 13. Ne5 O-O-O 14. Rhf1
Rdf8 15. Kb1 Qd6 16. Nc4 Qe7 17. Bf4 Ne8 18. Be4 g5 19. Bd2 Nc7 20. Ne5 Nxe5 21.
dxe5 Ba6 22. Bd3 Bxd3 23. Qxd3 Rd8 24. Qf3 Rd5 25. c4 Rxe5 26. Qxc6 Rd8 27. Bc3
Rc5 28. Qf3 Rxc4 29. Bf6 Rxd1+ 30. Rxd1 g4 31. Qd3 Qb4 32. Qd7+ Kb7 33. Qxf7 Rc6
34. Qxh5 Qe4+ 35. Ka1 Qc2 36. Rb1 gxh3 37. gxh3 Nd5 38. Qf3 Nb4 39. a3 Nd3 40.
Rd1 Nc5 41. Ka2 Qc4+ 42. Kb1 Ne4 43. Ka1 a5 44. Be5 Nd2 45. Qf7+ Ka6 46. Bc3
Nb3+ 47. Ka2 Nd2+ 48. Ka1 Nb3+ 49. Ka2 Nc1+ 50. Kb1 Na2 51. Qf1 Nxc3+ 52. bxc3
Qxf1 53. Rxf1 Rxc3 54. Rg1 Rxa3 55. h4 Rf3 56. h5 Kb5 57. h6 Kc6 58. g4 e5 59.
g5 e4 60. h7 Rh3 61. g6 e3 62. g7 1-0

[Event "22nd ch-EUR Indiv 2022"]
[Site "Terme Catez SLO"]
[Date "2022.04.04"]
[Round "9.130"]
[White "Vidic, Teja"]
[Black "Kotsinis, Alexandros"]
[Result "0-1"]
[WhiteTitle "WIM"]
[WhiteElo "2191"]
[BlackElo "2055"]
[WhiteFideId "14605511"]
[BlackFideId "25870750"]
[EventDate "2022.03.27"]

1. e4 e5 2. Nf3 Nc6 3. Bb5 a6 4. Ba4 Nf6 5. O-O Nxe4 6. d4 Be7 7. dxe5 Nc5 8.
Bxc6 dxc6 9. Qe2 Bg4 10. Rd1 Qc8 11. h3 Bh5 12. Nbd2 O-O 13. Nf1 Bg6 14. Ng3 Rd8
15. Re1 h6 16. Be3 Qe6 17. Nd4 Qxe5 18. f4 Qf6 19. f5 Rxd4 20. Bxd4 Qxd4+ 21.
Kh2 Bd6 22. fxg6 fxg6 23. Qg4 Qxg4 24. hxg4 Rf8 25. Re2 Rf4 26. Kh3 h5 27. g5
Rg4 28. Nf1 Ne4 29. g3 Nxg3 30. Re8+ Kf7 31. Re3 Ne4 0-1

[Event "22nd ch-EUR Indiv 2022"]
[Site "Terme Catez SLO"]
[Date "2022.04.04"]
[Round "9.131"]
[White "Janzelj, Lara"]
[Black "Franc, Borna"]
[Result "1/2-1/2"]
[WhiteTitle "WIM"]
[WhiteElo "2160"]
[BlackElo "2013"]
[WhiteFideId "14608391"]
[BlackFideId "14555948"]
[EventDate "2022.03.27"]

1. c4 e6 2. g3 d5 3. Bg2 Nf6 4. Nf3 Be7 5. O-O O-O 6. b3 c5 7. Bb2 d4 8. b4 Nc6
9. bxc5 Bxc5 10. d3 e5 11. Nbd2 Re8 12. Ng5 h6 13. Nge4 Nxe4 14. Nxe4 Bf8 15.
Qc1 Qa5 16. a4 Bg4 17. f3 Bf5 18. Ba3 Bxe4 19. fxe4 Bxa3 20. Rxa3 Qc5 21. Rb3
Nb4 22. a5 b6 23. axb6 a5 24. Bh3 Qxb6 25. Bd7 Reb8 26. Ba4 Qc5 27. Rf5 f6 28.
Qb2 Ra7 29. Rf1 Rba8 30. Ra1 Kh8 31. Bb5 Qb6 32. Kg2 Qc5 33. Rba3 Qb6 34. Rf1
Qc5 35. Ra4 Qb6 36. Qd2 Qd6 37. Qe1 Nc2 38. Qc1 Ne3+ 39. Kg1 Nxf1 40. Kxf1 f5
41. exf5 Qf6 42. Kg2 Qxf5 43. Bc6 Rf8 44. Qe1 Qe6 45. Bd5 Qb6 46. Qc1 Rc7 47.
Ra2 Rb8 48. Qf1 Rcc8 49. Qa1 Rc5 50. Be4 Kg8 51. Bd5+ Kh8 52. Be4 Kg8 53. Bd5+
Kh8 1/2-1/2

[Event "22nd ch-EUR Indiv 2022"]
[Site "Terme Catez SLO"]
[Date "2022.04.04"]
[Round "9.132"]
[White "Spacapan, Simon"]
[Black "Ohanyan, Emin"]
[Result "0-1"]
[BlackTitle "IM"]
[WhiteElo "1966"]
[BlackElo "2379"]
[WhiteFideId "14612461"]
[BlackFideId "13312022"]
[EventDate "2022.03.27"]

1. e4 c5 2. Nf3 Nc6 3. d4 cxd4 4. Nxd4 Nf6 5. Nc3 e5 6. Ndb5 d6 7. Bg5 a6 8. Na3
b5 9. Bxf6 gxf6 10. Nd5 f5 11. c3 Bg7 12. exf5 Bxf5 13. Nc2 O-O 14. Nce3 Be6 15.
Bd3 f5 16. O-O Kh8 17. Qh5 e4 18. Bc2 Ne5 19. Nf4 Bd7 20. Ned5 Qe8 21. Qxe8
Raxe8 22. Nc7 Rc8 23. Nce6 Bxe6 24. Nxe6 Rf6 25. Bb3 Nd3 26. Rad1 Bh6 27. f4 a5
28. Rd2 a4 29. Bd5 a3 30. bxa3 Rxc3 31. g3 e3 32. Re2 Nc1 33. Rg2 e2 34. Re1 Rd3
35. Nc7 Rd1 36. Kf2 Rf8 37. Rxe2 Nxe2 38. Kxe2 Rc1 39. Ne6 Rfc8 40. Bb3 Rb1 41.
Kd3 Bg7 42. Nd4 Bxd4 43. Kxd4 Re1 44. Kd5 Kg7 45. Kxd6 Kf6 46. Kd5 Re7 47. Kd4
Rd7+ 48. Ke3 Rc3+ 49. Ke2 Rd4 50. Rf2 Rcd3 51. Ke1 h5 52. Rc2 h4 53. Rc6+ Ke7
54. gxh4 Re4+ 55. Kf2 Rxf4+ 56. Ke2 Rh3 57. Rc5 Rxh2+ 58. Ke3 Rhxh4 59. Rxb5 Kf6
60. a4 Re4+ 61. Kf3 Rhf4+ 62. Kg3 Kg5 63. a5 Re3+ 64. Kg2 Kh4 65. Rb8 Re2+ 66.
Kg1 Kg3 67. Rg8+ Rg4 68. Kf1 Re5 69. a6 Rxg8 70. Bxg8 f4 71. Bc4 f3 72. Bd3 f2 0-1

[Event "22nd ch-EUR Indiv 2022"]
[Site "Terme Catez SLO"]
[Date "2022.04.04"]
[Round "9.133"]
[White "Mihov, Filip"]
[Black "Vaupot, Luka"]
[Result "0-1"]
[WhiteElo "2255"]
[BlackElo "2083"]
[WhiteFideId "15003892"]
[BlackFideId "14627671"]
[EventDate "2022.03.27"]

1. d4 Nf6 2. c4 g6 3. Nc3 d5 4. cxd5 Nxd5 5. Bd2 Bg7 6. e4 Nb6 7. Be3 O-O 8. h3
Nc6 9. Nf3 f5 10. exf5 Bxf5 11. Qb3+ Kh8 12. Rd1 a5 13. d5 a4 14. Qa3 Ne5 15.
Nxe5 Bxe5 16. Qb4 Qd6 17. Bc5 Qf6 18. a3 Nc8 19. Bd3 Qg5 20. Bxf5 gxf5 21. Bd4
Bf6 22. Bxf6+ Rxf6 23. Qd4 Nd6 24. Rg1 f4 25. Kf1 Rg8 26. Ne4 Nxe4 27. Qxe4 Rf5
28. h4 Qf6 29. Re1 Rg7 30. Rh1 Rh5 31. Qxa4 Rxd5 32. Qa8+ Rg8 33. Qxb7 f3 34.
Qxd5 Qa6+ 0-1

[Event "22nd ch-EUR Indiv 2022"]
[Site "Terme Catez SLO"]
[Date "2022.04.04"]
[Round "9.134"]
[White "Debevec, Blaz"]
[Black "Shpanko, Nadiia"]
[Result "1/2-1/2"]
[WhiteTitle "CM"]
[BlackTitle "WIM"]
[WhiteElo "2084"]
[BlackElo "2247"]
[WhiteFideId "14605813"]
[BlackFideId "14132400"]
[EventDate "2022.03.27"]

1. d4 Nf6 2. c4 e6 3. g3 d5 4. Nf3 Bb4+ 5. Bd2 Be7 6. Bg2 O-O 7. O-O c6 8. Bf4
Nbd7 9. Qc2 Ne4 10. Nbd2 f5 11. Ne5 Nxe5 12. Bxe5 Nxd2 13. Qxd2 dxc4 14. Qc3 Bf6
15. Qxc4 Qb6 16. b3 Bd7 17. Rac1 Bxe5 18. dxe5 Qa5 19. Rfd1 Rad8 20. Qc3 Qxc3
21. Rxc3 Bc8 22. Rcd3 Rxd3 23. Rxd3 Kf7 24. f4 Ke7 25. Kf2 Rd8 26. Ke3 Rxd3+ 27.
Kxd3 c5 28. e4 fxe4+ 29. Bxe4 h6 30. Kc4 b6 31. Kb5 Kd7 32. h4 Kc7 33. g4 a6+
34. Kc4 Bd7 35. f5 exf5 36. gxf5 Bb5+ 37. Kc3 Be8 38. Bd5 Bd7 39. Be4 Be8 40.
Kd3 Bf7 41. Bf3 Be8 42. Bd5 Bh5 43. Ke4 Bd1 44. Bc4 b5 45. Be6 Kc6 46. Bd5+ Kc7
47. Kd3 Bg4 48. Be4 Kd7 49. Kc3 Be2 50. a4 bxa4 51. bxa4 a5 52. Bd3 Bd1 53. Bc2
Be2 54. Kd2 Bc4 55. Ke3 Ke7 56. Ke4 Ba2 57. Kd3 Bd5 58. Kc3 Ba2 59. Be4 Kd7 60.
Bd3 Ke7 61. Bf1 Bd5 62. Bh3 Bc6 63. Kc4 Bxa4 64. Bg4 Bc2 65. Kxc5 a4 66. Kb4 Bb3
67. Bh5 Bc2 68. Bg6 Bd1 69. Ka3 Bb3 70. Kb2 Bd1 71. Ka2 Be2 72. Ka3 Bd1 73. Kb4
Bb3 74. Bh5 Bc2 75. Bg4 Kf7 76. Kc3 Be4 77. Bh3 Ke7 78. Kb4 Bc2 79. Bg4 Kf7 80.
Kc3 1/2-1/2

[Event "22nd ch-EUR Indiv 2022"]
[Site "Terme Catez SLO"]
[Date "2022.04.04"]
[Round "9.135"]
[White "Herega, Nejc"]
[Black "Dubnevych, Maksym"]
[Result "1-0"]
[WhiteElo "2185"]
[BlackElo "2065"]
[WhiteFideId "14634058"]
[BlackFideId "14184001"]
[EventDate "2022.03.27"]

1. Nf3 Nf6 2. c4 e6 3. g3 d5 4. Bg2 Be7 5. d4 O-O 6. Nc3 c6 7. O-O b6 8. b3 Bb7
9. Qc2 Na6 10. Rd1 Rc8 11. Bf4 c5 12. dxc5 bxc5 13. Ne5 Qa5 14. Rac1 Ba8 15.
cxd5 Nb4 16. Qd2 exd5 17. Na4 Qb5 18. Nd3 Nxd3 19. Qxd3 c4 20. Qf5 Qa6 21. Nc3
Ba3 22. Rc2 cxb3 23. axb3 Qe6 24. Qd3 Rcd8 25. Nb5 Be7 26. Nxa7 Ne4 27. Nb5 Nc5
28. Nc7 Qd7 29. Qf3 Bb7 30. Nxd5 Qe6 31. e4 Bd6 32. Be3 Nd7 33. Qe2 Ra8 34. Nc7
Bxc7 35. Rxc7 Ba6 36. Qc2 Ne5 37. h3 Rab8 38. f4 Ng6 39. f5 Qxb3 40. Qxb3 Rxb3
41. Bc5 Re8 42. fxg6 hxg6 43. Rdd7 Bc4 44. Kh2 Ra8 45. Rd2 Be6 46. Bf2 Ra1 47.
h4 Bg4 48. Rd8+ Kh7 49. Rxf7 Ra2 50. Bd4 1-0

[Event "22nd ch-EUR Indiv 2022"]
[Site "Terme Catez SLO"]
[Date "2022.04.04"]
[Round "9.136"]
[White "Kanyamarala, Trisha"]
[Black "Henseler, Jorgen"]
[Result "1/2-1/2"]
[WhiteTitle "WIM"]
[WhiteElo "2180"]
[BlackElo "2059"]
[WhiteFideId "45004722"]
[BlackFideId "1023233"]
[EventDate "2022.03.27"]

1. d4 Nf6 2. c4 g6 3. Nc3 Bg7 4. e4 d6 5. Nf3 O-O 6. Be3 Ng4 7. Bg5 f6 8. Bd2 e5
9. h3 exd4 10. Nxd4 Ne5 11. Be2 Nbc6 12. Nxc6 Nxc6 13. Be3 f5 14. exf5 Bxf5 15.
O-O Qd7 16. Qd2 Rae8 17. Rad1 Ne5 18. c5 Be6 19. cxd6 Nc4 20. Bxc4 Bxc4 21. Rfe1
Qxd6 22. Qxd6 cxd6 23. Rxd6 b6 24. Rc1 Be5 25. Rd7 Rf7 26. Rxf7 Kxf7 27. b3 Ba6
28. Ne4 Rd8 29. Ng5+ Kg8 30. Nf3 Bb8 31. Re1 Bb7 32. Bg5 Rc8 33. Nd2 Bd5 34. Bh6
Bd6 35. Nf1 Bc5 36. Nh2 Kf7 37. Ng4 Rc7 38. Bg5 Bb7 39. Nh6+ Kf8 40. Rd1 Kg7 41.
Bf4 Re7 42. Rd8 Bc6 43. Rg8+ Kf6 44. Ng4+ Kf7 45. Rd8 Re4 46. Bb8 Re1+ 47. Kh2
Ke7 48. Rh8 h5 49. Ne5 Be4 50. Kg3 Re2 51. f3 Bf5 52. Rh7+ Ke6 53. Nc6 Bf2+ 54.
Kh2 Kd5 55. Ne7+ Ke6 56. Nc6 Kd5 57. Ne7+ Ke6 58. Nc6 Kd5 59. Ne7+ Ke6 1/2-1/2

[Event "22nd ch-EUR Indiv 2022"]
[Site "Terme Catez SLO"]
[Date "2022.04.04"]
[Round "9.137"]
[White "Maksimovic, Masa"]
[Black "Wecker, Martin"]
[Result "1/2-1/2"]
[WhiteTitle "WFM"]
[WhiteElo "2063"]
[BlackElo "2180"]
[WhiteFideId "14408902"]
[BlackFideId "12931462"]
[EventDate "2022.03.27"]

1. e4 c5 2. Nf3 Nc6 3. d4 cxd4 4. Nxd4 e6 5. Nc3 Qc7 6. Be2 a6 7. O-O Nf6 8. Be3
Be7 9. f4 d6 10. Qe1 O-O 11. Qg3 Nxd4 12. Bxd4 b5 13. a3 Bb7 14. Rae1 Rad8 15.
Kh1 Rd7 16. Bd3 Re8 17. Nd1 Qd8 18. Nf2 g6 19. Ng4 Nxg4 20. Qxg4 e5 21. fxe5
dxe5 22. Be3 Bc8 23. Qe2 Bg5 24. Bc5 Qc7 25. Qf2 Bh4 26. g3 Bg5 27. h4 Bh6 28.
Kh2 Qc6 29. Rd1 Rc7 30. Bb6 Rb7 31. Be3 Bxe3 32. Qxe3 Bg4 33. Rd2 Kg7 34. Rdf2
h6 35. Rf6 Re6 36. R6f2 Qb6 37. Qd2 Rd6 38. Qc1 Rc7 39. Qa1 Qd4 40. Qb1 Qe3 41.
Qe1 Qxe1 42. Rxe1 Be6 43. Re3 Bc4 44. Bxc4 Rxc4 45. Kg2 Rdc6 46. c3 Rd6 47. Kf1
Rc7 48. Rc2 a5 49. Ree2 Kf6 1/2-1/2